000 00395nam a2200133Ia 4500
008 100328s9999 xx 000 0 und d
082 _b44182
100 _aप्रधान श्रीधर
245 _aकसोटीचे क्षण
260 _bमनोरमा
630 _aकसोटीचे क्षण
730 _aकसोटीचे क्षण
942 _cBOOK
999 _c532477
_d532474